01013cam a2200265 a 45000010008000000030006000080050017000140080041000310100017000720200015000890400018001040500028001220820016001501000029001662450071001952600044002663000021003105040051003316500029003826500026004119060045004379420039004829990015005219520211005364416926AUA.120160704172811.0931103s1994 cau b 001 0 eng  a 93043253  a0830716734 aDLCcDLCdDLC00aBV 652.25.W34b.Y6 197900a234/.132201 aWagner, C. Peter.91290810aYour spiritual gifts can help your church grow /cC. Peter Wagner. aVentura, Calif. :bRegal Books,cc1979. a272 p. :c23 cm. aIncludes bibliographical references and index. 0aGifts, Spiritual.912909 0aChurch growth.912910 a7bcbccorignewd1eocipf19gy-gencatlg 2lcccBOOKhBV 652.25.W34i.Y6 1979 c3597d3597 00102lcc40708BooksaAUA.1bAUA.1cGSd2011-11-10eDonation, Biblical Research Instituteg10.00hAUA004108l2m1oBV652.25.W34 Y6 1979pAUA004108r2016-08-25 00:00:00s2016-08-23v10.00w2011-11-10yBOOK